000 00734nam a22002537a 4500
001 BR9511262
003 BR-BrBNA
005 20230928095140.0
007 ta
008 230509b bl.||||| |||| 00| 0 por d
040 _aBR-BrBNA
_bpor
_cBiblioteca Nacional de Agricultura
041 _a(Por)
072 _aH20
_b2110
_b4120
090 _ 2110 BR9511262
110 1 _aComissao Executiva do Plano da Lavoura Cacaueira, Itabuna, BA (Brasil)
_92120
245 1 _aManual de recomendacoes para o controle da vassoura-de-bruxa
260 3 _aItabuna, BA (Brasil):
_c1995.
300 _a16 p.
650 _aCacau
650 _aVassoura-de-Bruxa
650 _aControle Quimico
909 _a202309
_bLucia
_c55
_dLucia Elande
942 _cBK
999 _c54815
_d54815